000 00433nam a2200157 a 4500
005 20140412111421.0
008 080121s19uu xx 00 eng d
020 _a81-7301-603-8
050 _aTR(GS E
_bNo84 2006
100 _aPrakash, Ved
245 _aNo, Thanks. vol.4 /
_cVed Prakash.
260 _aIndia :
_bDreamland Publications.
300 _a24p.
440 _aCharacter- building stories for children
999 _c106042
_d106042